Responses for show #7596 - Monday, September 25, 2017

Contestants

[<< previous game]

Dennis Fawcett, a painter and handyman from San Diego, California

Anupama Srirangan, a technology director from Aurora, Illinois

Ivan Plis, a magazine editor from Washington, D.C. (whose 1-day cash winnings total $23,200)

[next game >>]

Jeopardy! Round responses

THE WORKS OF VICTOR HUGO
HORSE SENSE
NFL TEAMS BY HALL OF FAMER
ONE STATE, UNDER CANADA
(Alex: We're featuring states that share a border with our neighbor to the north.)
COMPOUND WORDS
LIBRARIANS
    $200 8
the guillotine

Ivan
    $200 13
(Anupama: What's a cart, or [*]?)

a chariot

Anupama
    $200 27
The Pittsburgh Steelers

Triple Stumper
    $200 3
Washington

Anupama
    $200 12
secondhand

Ivan
    $200 1
serial

Ivan
    $400 9
(Anupama: What is Guernsey?)
(Dennis: [*]? What is the [*]?

Channel Islands

AnupamaDennis
    $400 26
running mate

Ivan
    $400 23
The Dallas Cowboys

Triple Stumper
    $400 4
(Dennis: What is Wisconsin?)

Minnesota

AnupamaDennis
    $400 17
upstream

Ivan
    $400 2
feet

Dennis
    $600 10
(Ivan: What is Notre-Dame de Paris?)
(Alex: Notre-Dame de Paris, [*].)

The Hunchback of Notre-Dame

Ivan
    $600 22
(Anupama: Who is the Headless Horseman?)

Ichabod Crane

Anupama
Triple Stumper
    $600 28
(Anupama: Um, what is, uh, Colorado Rockies?)
...
[The end-of-round signal sounds.]

The Los Angeles Raiders

Anupama
Triple Stumper
    $600 5
Vermont

Dennis
    $600 16
backstop

Triple Stumper
    $600 11
information science

Ivan
    $800 20
Haiti

Ivan
    $800 24
chestnut

Dennis
    $800 6
(Ivan: What is Montana?)

Michigan

Ivan
Triple Stumper
    $800 15
paperweight

Anupama
    $800 18
New Hampshire

Ivan
    $1000 21
The Reign of Terror

Ivan
    $1000 25
Light-Horse Harry

Dennis
    $1000 7
Montana

Dennis
    $1000 14
(Anupama: What is capital?)

bankroll

AnupamaDennis
    $800 19
(Melvil) Dewey

Ivan

Scores at the first commercial break (after clue 15):

Ivan Anupama Dennis
$1,000 $200 $3,000

Scores at the end of the Jeopardy! Round:

Ivan Anupama Dennis
$5,200 -$1,000 $4,800

Double Jeopardy! Round responses

MYTHOLOGY
THE CITY'S TV SHOW
WORLD HISTORY
"PRE" SCHOOL
IT'S YOUR BODY
LIBRA-RIANS
    $400 6
Atlas

Anupama
    $400 20
It's Always Sunny in Philadelphia

Ivan
    $400 13
Greece

Ivan
    $400 1
(Anupama: What is preventative?)
(Ivan: What is preemptive?)
(Dennis: What is preventive?)

precaution

IvanAnupamaDennis
Triple Stumper
    $400 9
the fibula

Dennis
    $400 21
David Cameron

Ivan
    $800 7
a centaur

Dennis
    $800 28
[The end-of-round signal sounds.]

Miami Vice

Dennis
    $800 14
the African National Congress

Ivan
    $800 2
The Pretenders

Dennis
    $800 10
(Anupama: What is the hamstring?)

biceps

Anupama
Triple Stumper
    $800 22
Rehnquist

Anupama
    $1200 8
Midas

Ivan
    $1200 27
Fargo

Ivan
    $2,500 15
(Ivan: What is a mausoleum?)

a necropolis

Ivan
    $1200 3
the pre-Columbian

Dennis
    $1200 11
circulatory

Ivan
    $1200 23
Catherine Zeta-Jones

Anupama
    $2,000 12
(Alex: Frankenstein; or, the Modern [*].)

Prometheus

Ivan
    $1600 25
(Anupama: What is New Orleans?)
(Alex: Be more specific.)
(Anupama: Uh, CSI: New Orleans?)

NCIS: New Orleans

Anupama
Triple Stumper
    $1600 18
the Dutch East India Company

Dennis
    $1600 4
a precinct

Dennis
    $1600 16
(Anupama: What are thyroid?)
(Dennis: What are lymph glands?)

the salivary glands

AnupamaDennis
Triple Stumper
    $1600 24
(Alex: With less than a minute.)

Nat Turner

Ivan
    $2000 17
(Alex: And the judgment in this case was made by [*], which led to the Battle of Troy.)

Paris

Triple Stumper
    $2000 26
NYPD Blue

Dennis
    $2000 19
(Bernardo) O'Higgins

Ivan
    $2000 5
the Pre-Raphaelites

Ivan

Scores at the end of the Double Jeopardy! Round:

Ivan Anupama Dennis
$15,500 -$3,000 $12,000

[wagering suggestions for these scores]

Final Jeopardy! Round responses

BRITISH POETS
(Alex: A sailor is there with a dead bird.)
...
(Alex: [To Dennis] We're talking about The Rime of the Ancient Mariner.)
DennisWho is Coleridge?
$12,000
IvanWho is Coleridge?
$4,000
Samuel Taylor Coleridge

Final scores:

Ivan Anupama Dennis
$19,500 -$3,000 $24,000
2nd place: $2,000 3rd place: $1,000 New champion: $24,000

Game dynamics:

Coryat scores:

Ivan Anupama Dennis
$17,800 -$3,000 $12,000
22 R
(including 2 DDs),
3 W
(including 1 DD)
7 R,
8 W
15 R,
3 W

Combined Coryat: $26,800

The J! Archive is created by fans, for fans. The Jeopardy! game show and all elements thereof, including but not limited to copyright and trademark thereto, are the property of Jeopardy Productions, Inc. and are protected under law. This website is not affiliated with, sponsored by, or operated by Jeopardy Productions, Inc. Join the discussion at JBoard.tv.